| Tag |
First Indicator |
Second Indicator |
Subfields |
| LEADER |
00000cam a2200000 a 4500 |
| 001 |
in00002390139 |
| 005 |
20151109080831.0 |
| 008 |
080310s2007 enkab b 100 0 eng d |
| 020 |
|
|
|a 9781873415344
|
| 020 |
|
|
|a 1873415346
|
| 035 |
|
|
|a (OCoLC)ocn213297220
|
| 040 |
|
|
|a GUA
|c GUA
|d UtOrBLW
|
| 043 |
|
|
|a mm-----
|
| 049 |
|
|
|a TXAM
|
| 050 |
|
0 |
|a DE86
|b .L584 2007
|
| 245 |
0 |
0 |
|a Literacy and the state in the ancient Mediterranean /
|c edited by Kathryn Lomas, Ruth D. Whitehouse and John B. Wilkins.
|
| 264 |
|
1 |
|a London :
|b Accordia Research Institute, University of London,
|c 2007.
|
| 300 |
|
|
|a 240 pages :
|b illustrations, maps ;
|c 30 cm.
|
| 336 |
|
|
|a text
|b txt
|2 rdacontent
|
| 337 |
|
|
|a unmediated
|b n
|2 rdamedia
|
| 338 |
|
|
|a volume
|b nc
|2 rdacarrier
|
| 490 |
1 |
|
|a Accordia specialist studies on the Mediterranean ;
|v v. 7
|
| 500 |
|
|
|a "Based jointly around a series of papers given at the Institute of Classical Studies in 2003-4 and 2004-5 as part of a seminar series entitled "The Establishment of Literacy in the Ancient Mediterranean" which was organized jointly by Accordia and the Institute of Classical Studies; and also around an associated one-day conference entitled "Literacy and State Development: Comparative Perspectives", which was hosted by the Institute of Archaeology, University College, London, in November 2004"--p. [ix]
|
| 504 |
|
|
|a Includes bibliographical references.
|
| 650 |
|
0 |
|a Literacy
|z Mediterranean Region
|x History
|y To 476.
|
| 650 |
|
0 |
|a Education and state
|z Mediterranean Region
|x History
|y To 476.
|
| 650 |
|
0 |
|a State, The
|x Origin.
|
| 700 |
1 |
|
|a Lomas, Kathryn,
|d 1960-
|
| 700 |
1 |
|
|a Whitehouse, Ruth.
|
| 700 |
1 |
|
|a Wilkins, John
|q (John B.)
|
| 710 |
2 |
|
|a Accordia Research Institute.
|
| 710 |
2 |
|
|a University of London.
|b Institute of Classical Studies.
|
| 710 |
2 |
|
|a University College, London.
|b Institute of Archaeology.
|
| 830 |
|
0 |
|a Accordia specialist studies on the Mediterranean ;
|v v. 7.
|
| 945 |
|
|
|a PromptCat
|
| 946 |
|
|
|a stk
|
| 947 |
|
|
|a A14835730409
|
| 948 |
|
|
|a cataloged
|b h
|c 2008/7/8
|d c
|e dmitchel
|f 1:50:30 pm
|
| 994 |
|
|
|a 92
|b TXA
|
| 999 |
|
|
|a MARS
|
| 999 |
f |
f |
|s b0e21c5d-5690-3647-8bd0-4e625fb62029
|i bb3eebbc-2fcd-3bf2-b7bb-f53190bf3f88
|t 0
|
| 952 |
f |
f |
|p normal
|a Texas A&M University
|b College Station
|c Sterling C. Evans Library
|d Evans: Library Stacks
|t 0
|e DE86 .L584 2007
|h Library of Congress classification
|i unmediated -- volume
|m A14835730409
|
| 998 |
f |
f |
|a DE86 .L584 2007
|t 0
|l Evans: Library Stacks
|